000
00308nam a2200121 a 4500
005
20141022141959.0
008
120306s19uu xx 00 eng d
050
_a
CD-ROM
_b
D36 2000
100
_a
Deitel, H.M.
245
_a
Visual basic 6 :
_b
how to program /
_c
H.M. Deitel.
260
_c
2000.
942
_c
AVM
999
_c
276153
_d
276153